| 000 | 00941nam1a22002531i 4500 | ||
|---|---|---|---|
| 001 | v19\rc\1897206 | ||
| 005 | 20260406193717.0 | ||
| 035 | _a(NLR Aleph) 005263268 | ||
| 090 |
_a5923254 _c5923254 |
||
| 100 | _a20080221d19111913|||y0rusy50 ca | ||
| 101 | 0 |
_arus _ager |
|
| 102 | _aRU | ||
| 105 | _ay z ||||| | ||
| 200 | 1 | _aОтчет о деятельности Общества попечения о бедных еврейских детях в гор. Риге "Друг детей"... | |
| 210 |
_aРига _d1911-1913 |
||
| 215 |
_a3 т. _d19 |
||
| 300 | _aПарал. тит. л. и текст на рус. и нем. яз. | ||
| 710 | 0 | 2 |
_a"Друг детей", о-во _cРига _9409165 _3RU\NLR\AUTH\889956526 |
| 801 | 0 |
_aRU _bNLR _c20080221 _gpsbo |
|
| 801 | 0 |
_aRU _bRuMoRGB _c20080221 _2psbo |
|
| 801 | 1 |
_aRU _bProSoft-M _c20080221 _2rusmarc |
|
| 801 | 2 |
_aRU _bNLR _c20090805 _2rusmarc |
|
| 852 |
_aNLR (1910-1912) _j18.157.4.48 |
||
| 942 | _cBOOK | ||